Países LGTBI+ friendly - Estadísticas

Estadísticas generales
  • Esta prueba ha sido intentada 179 veces
  • La puntuación promedio es 16 de 25
Estadísticas de respuestas
Opinión Popular índice Legal País % Correcto
84% 98% España
99%
78% 93% Francia
92%
84% 98% Alemania
87%
82% 89% Reino Unido
84%
90% 100% Canadá
83%
82% 87% Suecia
81%
84% 87% Noruega
80%
82% 97% Argentina
76%
85% 96% Países Bajos
75%
76% 84% Suiza
72%
77% 87% Bélgica
71%
86% 98% Dinamarca
71%
78% 100% México
71%
82% 98% Brasil
67%
84% 94% Australia
62%
79% 100% Chile
59%
76% 94% Austria
55%
92% 98% Islandia
55%
78% 88% Nueva Zelanda
51%
86% 100% Uruguay
47%
85% 100% EEUU
46%
81% 88% Andorra
38%
83% 100% Malta
37%
78% 96% Sudáfrica
30%
81% 89% Cuba
24%
No se encontraron pruebas coincidentes
Distribución de puntuación
Porcentaje de gente con cada puntuación
Porcentaje por número respondido
Historial de tus puntuaciones
No has intentado esta prueba.